Famous Routes by Picture 🗺️ - Statistics

General Stats
  • This quiz has been taken 213 times
    64 since last reset
  • The average score is 7 of 14
Answer Stats
Picture Answer % Correct
Silk Road
97%
Trans-Siberian Railway
78%
Oregon Trail
72%
Orient Express
71%
Northwest Passage
69%
Appalachian Trail
66%
Appian Way
59%
Inca Road System
47%
Khyber Pass
45%
Trail of Tears
45%
Camino de Santiago
41%
Ho Chi Minh Trail
22%
Northeast Passage
21%
{Amber} Road
17%
No matching quizzes found
Score Distribution
Percent of People with Each Score
Percentile by Number Answered
Your Score History
You have not taken this quiz since the last reset